| 000 | 01304cam a2200313 i 4500 | ||
|---|---|---|---|
| 999 |
_c13278 _d13278 |
||
| 001 | 19344398 | ||
| 003 | MAJUKarachi | ||
| 005 | 20220507124117.0 | ||
| 008 | 161021s2018 nyu 001 0 eng | ||
| 010 | _a 2016047072 | ||
| 020 | _a9781259717772 (alk. paper) | ||
| 040 |
_aDLC _beng _cDLC _erda _dDLC |
||
| 042 | _apcc | ||
| 043 | _an-us--- | ||
| 082 | 0 | 0 |
_a332.1068 _223 _b10368 |
| 100 | 1 |
_aSaunders, Anthony, _d1949- _eauthor. |
|
| 245 | 1 | 0 |
_aFinancial institutions management : _ba risk management approach / _cAnthony Saunders, John M. Schiff Professor of Finance Salomon Center, Stern School of Business, New York University, Marcia Millon Cornett, Professor of Finance, Bentley University. |
| 250 | _aNinth Edition. | ||
| 300 |
_axxi, 886 pages ; _c26 cm |
||
| 500 | _aRevised edition of the authors' Financial institutions management, [2014] | ||
| 500 | _aIncludes index. | ||
| 650 | 0 |
_aFinancial institutions _zUnited States _xManagement. |
|
| 650 | 0 |
_aRisk management _zUnited States. |
|
| 650 | 0 |
_aFinancial services industry _zUnited States _xManagement. |
|
| 700 | 1 |
_aCornett, Marcia Millon, _eauthor. |
|
| 906 |
_a7 _bcbc _corignew _d1 _eecip _f20 _gy-gencatlg |
||
| 942 |
_2ddc _cBK |
||